000 00502nam a2200205Ia 4500
005 20140407094334.0
008 140130s9999 xx 000 0 und d
020 _a9780531175361
050 _aUB 270.5
_b.R38 2008
100 _aRauf, Don
_924402
245 _cDon Rauf.
_aKiller lipstick /
260 _bScholastic,
_c2008.
_aUSA :
300 _a64 p. :
_bcol. ill. ;
_c24 cm.
440 _v1
_931174
521 _aG5
526 _c780
942 _cBK
_2lcc
999 _c41123
_d41123